An outline of the principles of economics
Gardado en:
| Autor Principal: | |
|---|---|
| Formato: | Libro |
| Idioma: | Undetermined |
| Publicado: |
New York
Barnes & Noble
1940
|
| Những chủ đề: | |
| Các nhãn: |
Engadir etiqueta
Sen Etiquetas, Sexa o primeiro en etiquetar este rexistro!
|
| Thư viện lưu trữ: | Trung tâm Học liệu Trường Đại học Cần Thơ |
|---|
| LEADER | 00456nam a2200169Ia 4500 | ||
|---|---|---|---|
| 001 | CTU_78705 | ||
| 008 | 210402s9999 xx 000 0 und d | ||
| 082 | |a 330.2 | ||
| 082 | |b J27 | ||
| 100 | |a James, Clifford L. | ||
| 245 | 3 | |a An outline of the principles of economics | |
| 245 | 0 | |c Clifford L. James | |
| 260 | |a New York | ||
| 260 | |b Barnes & Noble | ||
| 260 | |c 1940 | ||
| 650 | |a Economics | ||
| 980 | |a Trung tâm Học liệu Trường Đại học Cần Thơ | ||